Statistiques concernant Station de métro parisien aléatoires par rapport à ses voisines

Cliquez ici pour prendre le quiz!

Statistiques générales

  • Ce quiz a été pris 314 fois
  • Le résultat moyen est 13 sur 20

Statistiques - réponses

PrécédenteRéponseSuivante% Correct
12Mairie d'AubervilliersAimé CésaireFront Populaire
100%
4Mouton-DuvernetAlésiaPorte d'Orléans
100%
9IénaAlma - MarceauFranklin D. Roosevelt
100%
11RambuteauArts et MétiersRépublique
100%
1Saint-PaulBastilleGare de Lyon
100%
14Cour Saint-ÉmilionBibliothèque François MitterrandOlympiades
100%
2Place de ClichyBlanchePigalle
100%
8Grands BoulevardsBonne NouvelleStrasbourg Saint-Denis
100%
1Louvre-RivoliChâteletHôtel de Ville
100%
4ChâteletCitéSaint-Michel
100%
8Félix FaureCommerceLa Motte-Picquet Grenelle
100%
1Champs-Élysées ClemenceauConcordeTuileries
100%
7Porte de la VilletteCorentin CariouCrimée
100%
8Maisons-Alfort Les JuilliottesCréteil - L'ÉchatCréteil - Université
100%
6Bir-Hakeim Tour EiffelDupleixLa Motte-Picquet Grenelle
100%
12Montparnasse BienvenüeFalguièrePasteur
100%
14ChâteletGare de LyonBercy
100%
4Barbès RochechouartGare du NordGare de l'Est
100%
6Saint-JacquesGlacièreCorvisart
100%
9Richelieu-DrouotGrands BoulevardsBonne Nouvelle
100%
9Saint-AugustinHavre - CaumartinChaussée d'Antin La Fayette
100%
9TrocadéroIénaAlma - Marceau
100%
9Michel-Ange - AuteuilJasminRanelagh
100%
5LaumièreJaurèsStalingrad
100%
1Palais Royal Musée du LouvreLouvre-RivoliChâtelet
100%
8ConcordeMadeleineOpéra
100%
3WagramMalesherbesVilliers
100%
9BuzenvalMaraîchersPorte de Montreuil
100%
9Michel-Ange - MolitorMichel-Ange - AuteuilJasmin
100%
12RennesNotre-Dame-des-ChampsMontparnasse Bienvenüe
100%
7Chaussée d'Antin La FayetteOpéraPyramides
100%
8MadeleineOpéraRichelieu-Drouot
100%
1TuileriesPalais Royal Musée du LouvreLouvre-Rivoli
100%
6TrocadéroPassyBir-Hakeim Tour Eiffel
100%
3bisGambettaPelleportSaint-Fargeau
100%
3Porte de ChamperretPereireWagram
100%
2MénilmontantPère LachaisePhilippe Auguste
100%
2BlanchePigalleAnvers
100%
13Porte de VanvesPlaisancePernety
100%
7Gare de l'EstPoissonnièreCadet
100%
4AlésiaPorte d'OrléansMairie de Montrouge
100%
14MadeleinePyramidesChâtelet
100%
11Hôtel de VilleRambuteauArts et Métiers
100%
3TempleRépubliqueParmentier
100%
3ParmentierRue Saint-MaurPère Lachaise
100%
13DurocSaint-François-XavierVarenne
100%
1Porte de VincennesSaint-MandéBérault
100%
14Mairie de Saint-OuenSaint-OuenPorte de Clichy
100%
1Hôtel de VilleSaint-PaulBastille
100%
10La Motte-Picquet GrenelleSégurDuroc
100%
2Charles de Gaulle ÉtoileTernesCourcelles
100%
7Place d'ItalieTolbiacMaison Blanche
100%
1ConcordeTuileriesPalais Royal Musée du Louvre
100%
3MalesherbesVilliersEurope
100%
3OpéraQuatre-SeptembreBourse
90%
6BoissièreTrocadéroPassy
90%
2Colonel FabienBellevilleCouronnes
88%
3Quatre-SeptembreBourseSentier
88%
9RanelaghLa MuetteRue de la Pompe
88%
1Les SablonsPorte MaillotArgentine
88%
8Strasbourg Saint-DenisRépubliqueFilles du Calvaire
88%
4Saint-SulpiceSaint-PlacideMontparnasse Bienvenüe
88%
2Victor HugoCharles de Gaulle ÉtoileTernes
86%
4Les HallesChâteletCité
86%
4RaspailDenfert-RochereauMouton-Duvernet
86%
1La DéfenseEsplanade de La DéfensePont de Neuilly
86%
8BoucicautFélix FaureCommerce
86%
13PernetyGaîtéMontparnasse Bienvenüe
86%
5Gare du NordGare de l'EstJacques Bonsergent
86%
6Charles de Gaulle ÉtoileKléberBoissière
86%
6Bel-AirPicpusNation
86%
14Saint-OuenPorte de ClichyPont Cardinet
86%
12Sèvres - BabyloneRennesNotre-Dame-des-Champs
86%
3EuropeSaint-LazareHavre - Caumartin
86%
1Porte MaillotArgentineCharles de Gaulle Étoile
83%
13InvalidesChamps-Élysées ClemenceauMiromesnil
83%
1ArgentineCharles de Gaulle ÉtoileGeorge V
83%
5Bobigny - Pantin Raymond QueneauÉglise de PantinHoche
83%
5OurcqLaumièreJaurès
83%
4SimplonMarcadet PoissonniersChâteau Rouge
83%
3RépubliqueParmentierRue Saint-Maur
83%
7OpéraPyramidesPalais Royal Musée du Louvre
83%
1Gare de LyonReuilly - DiderotNation
83%
4Saint-Germain-des-PrésSaint-SulpiceSaint-Placide
83%
2PigalleAnversBarbès Rochechouart
82%
9Grands BoulevardsBonne NouvelleStrasbourg Saint-Denis
80%
7Pont NeufChâteletPont Marie
80%
8Saint-Sébastien FroissartChemin VertBastille
80%
8Créteil - UniversitéCréteil - PréfecturePointe du Lac
80%
6DugommierDaumesnilBel-Air
80%
3VilliersEuropeSaint-Lazare
80%
5StalingradGare du NordGare de l'Est
80%
1Charles de Gaulle ÉtoileGeorge VFranklin D. Roosevelt
80%
9Rue des BouletsNationBuzenval
80%
8Porte DoréePorte de CharentonLiberté
80%
12PigalleSaint-GeorgesNotre-Dame-de-Lorette
80%
12Assemblée NationaleSolférinoRue du Bac
80%
11Place des FêtesTélégraphePorte des Lilas
80%
13Saint-François-XavierVarenneInvalides
80%
2Alexandre DumasAvronNation
78%
4Denfert-RochereauMouton-DuvernetAlésia
78%
2MonceauVilliersRome
78%
2Philippe AugusteAlexandre DumasAvron
75%
3Pont de Levallois BéconAnatole FranceLouise Michel
75%
6KléberBoissièreTrocadéro
75%
5Richard-LenoirBréguet - SabinBastille
75%
7PoissonnièreCadetLe Peletier
75%
6La Motte-Picquet GrenelleCambronneSèvres - Lecourbe
75%
1Franklin D. RooseveltChamps-Élysées ClemenceauConcorde
75%
4Gare de l'EstChâteau d'EauStrasbourg Saint-Denis
75%
7Louis BlancChâteau-LandonGare de l'Est
75%
8InvalidesConcordeMadeleine
75%
8Créteil - L'ÉchatCréteil - UniversitéCréteil - Préfecture
75%
8La Motte-Picquet GrenelleÉcole MilitaireLa Tour-Maubourg
75%
6Montparnasse BienvenüeEdgar QuinetRaspail
75%
1BastilleGare de LyonReuilly - Diderot
75%
8Richelieu-DrouotGrands BoulevardsBonne Nouvelle
75%
7Sully - MorlandJussieuPlace Monge
75%
2Barbès RochechouartLa ChapelleStalingrad
75%
12Jules JoffrinLamarck CaulaincourtAbbesses
75%
4Étienne MarcelLes HallesChâtelet
75%
1Pont de NeuillyLes SablonsPorte Maillot
75%
14Saint-LazareMadeleinePyramides
75%
13Malakoff Rue Étienne DoletMalakoff Plateau de VanvesPorte de Vanves
75%
12Saint-GeorgesNotre-Dame-de-LoretteTrinité d'Estienne d'Orves
75%
4Saint-MichelOdéonSaint-Germain-des-Prés
75%
13LiègePlace de ClichyLa Fourche
75%
7JussieuPlace MongeCensier - Daubenton
75%
14Porte de ClichyPont CardinetSaint-Lazare
75%
8Michel BizotPorte DoréePorte de Charenton
75%
9JasminRanelaghLa Muette
75%
14Pont CardinetSaint-LazareMadeleine
75%
4CitéSaint-MichelOdéon
75%
9VoltaireCharonneRue des Boulets
73%
2AnversBarbès RochechouartLa Chapelle
71%
6DaumesnilBel-AirPicpus
71%
14Gare de LyonBercyCour Saint-Émilion
71%
8LourmelBoucicautFélix Faure
71%
14BercyCour Saint-ÉmilionBibliothèque François Mitterrand
71%
9RobespierreCroix de ChavauxMairie de Montreuil
71%
7StalingradLouis BlancChâteau-Landon
71%
13GaîtéMontparnasse BienvenüeDuroc
71%
6Sèvres - LecourbePasteurMontparnasse Bienvenüe
71%
2RomePlace de ClichyBlanche
71%
12ConventionPorte de VersaillesCorentin Celton
71%
5BastilleQuai de la RapéeGare d'Austerlitz
71%
9MiromesnilSaint-AugustinHavre - Caumartin
71%
12Porte de la ChapelleMarx DormoyMarcadet Poissonniers
70%
8Faidherbe - ChalignyReuilly - DiderotMontgallet
70%
5Saint-MarcelCampo-FormioPlace d'Italie
67%
14PyramidesChâteletGare de Lyon
67%
9Havre - CaumartinChaussée d'Antin La FayetteRichelieu-Drouot
67%
12MadeleineConcordeAssemblée Nationale
67%
12Porte de VersaillesCorentin CeltonMairie d'Issy
67%
2BellevilleCouronnesMénilmontant
67%
5Quai de la RapéeGare d'AusterlitzSaint-Marcel
67%
4Gare du NordGare de l'EstChâteau d'Eau
67%
5Église de PantinHochePorte de Pantin
67%
2StalingradJaurèsColonel Fabien
67%
8BastilleLedru-RollinFaidherbe - Chaligny
67%
8Porte de CharentonLibertéCharenton - Écoles
67%
3Anatole FranceLouise MichelPorte de Champerret
67%
9Saint-Philippe du RouleMiromesnilSaint-Augustin
67%
5Porte de PantinOurcqLaumière
67%
12AbbessesPigalleSaint-Georges
67%
6CorvisartPlace d'ItalieNationale
67%
1Esplanade de La DéfensePont de NeuillyLes Sablons
67%
7ChâteletPont MarieSully - Morland
67%
3GambettaPorte de BagnoletGallieni
67%
3Louise MichelPorte de ChamperretPereire
67%
1NationPorte de VincennesSaint-Mandé
67%
4Strasbourg Saint-DenisRéaumur SébastopolÉtienne Marcel
67%
5OberkampfRichard-LenoirBréguet - Sabin
67%
8OpéraRichelieu-DrouotGrands Boulevards
67%
2VilliersRomePlace de Clichy
67%
9CharonneRue des BouletsNation
67%
4Porte de ClignancourtSimplonMarcadet Poissonniers
67%
5JaurèsStalingradGare du Nord
67%
8Bonne NouvelleStrasbourg Saint-DenisRépublique
67%
2Porte DauphineVictor HugoCharles de Gaulle Étoile
67%
13Châtillon - MontrougeMalakoff Rue Étienne DoletMalakoff Plateau de Vanves
64%
10Charles MichelsAvenue Émile ZolaLa Motte-Picquet Grenelle
63%
7Corentin CariouCriméeRiquet
63%
8Reuilly - DiderotMontgalletDaumesnil
63%
7Pont MarieSully - MorlandJussieu
63%
12Lamarck CaulaincourtAbbessesPigalle
60%
12ConcordeAssemblée NationaleSolférino
60%
4Mairie de MontrougeBarbaraBagneux - Lucie Aubrac
60%
10Maubert - MutualitéCardinal LemoineJussieu
60%
6NationaleChevaleretQuai de la Gare
60%
6GlacièreCorvisartPlace d'Italie
60%
8BalardLourmelBoucicaut
60%
12Saint-LazareMadeleineConcorde
60%
2CourcellesMonceauVilliers
60%
12Notre-Dame-des-ChampsMontparnasse BienvenüeFalguière
60%
6Place d'ItalieNationaleChevaleret
60%
10MabillonOdéonCluny - La Sorbonne
60%
12FalguièrePasteurVolontaires
60%
13Malakoff Plateau de VanvesPorte de VanvesPlaisance
60%
6ChevaleretQuai de la GareBercy
60%
9Strasbourg Saint-DenisRépubliqueOberkampf
60%
3bisPelleportSaint-FargeauPorte des Lilas
60%
6Denfert-RochereauSaint-JacquesGlacière
60%
8Filles du CalvaireSaint-Sébastien FroissartChemin Vert
60%
10VaneauSèvres - BabyloneMabillon
60%
6CambronneSèvres - LecourbePasteur
60%
3Arts et MétiersTempleRépublique
60%
9Rue de la PompeTrocadéroIéna
60%
12PasteurVolontairesVaugirard
60%
7Fort d'AubervilliersAubervilliers - Pantin Quatre CheminsPorte de la Villette
57%
9NationBuzenvalMaraîchers
57%
8RépubliqueFilles du CalvaireSaint-Sébastien Froissart
57%
3Saint-LazareHavre - CaumartinOpéra
57%
11PyrénéesJourdainPlace des Fêtes
57%
10Cardinal LemoineJussieuGare d'Austerlitz
57%
4Porte d'OrléansMairie de MontrougeBarbara
57%
8Maisons-Alfort StadeMaisons-Alfort Les JuilliottesCréteil - L'Échat
57%
8École Vétérinaire de Maisons-AlfortMaisons-Alfort StadeMaisons-Alfort Les Juilliottes
57%
11Arts et MétiersRépubliqueGoncourt
57%
10DurocVaneauSèvres - Babylone
57%
9ExelmansMichel-Ange - MolitorMichel-Ange - Auteuil
55%
7CriméeRiquetStalingrad
55%
9Bonne NouvelleStrasbourg Saint-DenisRépublique
55%
8La Tour-MaubourgInvalidesConcorde
54%
3Réaumur SébastopolArts et MétiersTemple
50%
5Bréguet - SabinBastilleQuai de la Rapée
50%
11GoncourtBellevillePyrénées
50%
1Saint-MandéBéraultChâteau de Vincennes
50%
6Quai de la GareBercyDugommier
50%
9Pont de SèvresBillancourtMarcel Sembat
50%
10Javel - André CitroënCharles MichelsAvenue Émile Zola
50%
6RaspailDenfert-RochereauSaint-Jacques
50%
8Charenton - ÉcolesÉcole Vétérinaire de Maisons-AlfortMaisons-Alfort Stade
50%
4Réaumur SébastopolÉtienne MarcelLes Halles
50%
9Porte de Saint-CloudExelmansMichel-Ange - Molitor
50%
7La Courneuve 8 mai 1945Fort d'AubervilliersAubervilliers - Pantin Quatre Chemins
50%
11RépubliqueGoncourtBelleville
50%
10Avenue Émile ZolaLa Motte-Picquet GrenelleSégur
50%
8CommerceLa Motte-Picquet GrenelleÉcole Militaire
50%
8École MilitaireLa Tour-MaubourgInvalides
50%
10Sèvres - BabyloneMabillonOdéon
50%
10Cluny - La SorbonneMaubert - MutualitéCardinal Lemoine
50%
2CouronnesMénilmontantPère Lachaise
50%
6PasteurMontparnasse BienvenüeEdgar Quinet
50%
4Saint-PlacideMontparnasse BienvenüeVavin
50%
1Reuilly - DiderotNationPorte de Vincennes
50%
9RépubliqueOberkampfSaint-Ambroise
50%
3Havre - CaumartinOpéraQuatre-Septembre
50%
13PlaisancePernetyGaîté
50%
2Père LachaisePhilippe AugusteAlexandre Dumas
50%
11JourdainPlace des FêtesTélégraphe
50%
7Les GobelinsPlace d'ItalieTolbiac
50%
7Palais Royal Musée du LouvrePont NeufChâtelet
50%
12Front PopulairePorte de la ChapelleMarx Dormoy
50%
7Aubervilliers - Pantin Quatre CheminsPorte de la VilletteCorentin Cariou
50%
5HochePorte de PantinOurcq
50%
11TélégraphePorte des LilasMairie des Lilas
50%
11BellevillePyrénéesJourdain
50%
5Jacques BonsergentRépubliqueOberkampf
50%
9Chaussée d'Antin La FayetteRichelieu-DrouotGrands Boulevards
50%
9Porte de MontreuilRobespierreCroix de Chavaux
50%
9La MuetteRue de la PompeTrocadéro
50%
12SolférinoRue du BacSèvres - Babylone
50%
9OberkampfSaint-AmbroiseVoltaire
50%
4OdéonSaint-Germain-des-PrésSaint-Sulpice
50%
13MiromesnilSaint-LazareLiège
50%
5Gare d'AusterlitzSaint-MarcelCampo-Formio
50%
9Franklin D. RooseveltSaint-Philippe du RouleMiromesnil
50%
12Rue du BacSèvres - BabyloneRennes
50%
7RiquetStalingradLouis Blanc
50%
4Château d'EauStrasbourg Saint-DenisRéaumur Sébastopol
50%
12Notre-Dame-de-LoretteTrinité d'Estienne d'OrvesSaint-Lazare
50%
9Saint-AmbroiseVoltaireCharonne
50%
10OdéonCluny - La SorbonneMaubert - Mutualité
44%
3SentierRéaumur SébastopolArts et Métiers
44%
4Montparnasse BienvenüeVavinRaspail
44%
4Château RougeBarbès RochechouartGare du Nord
43%
7Le PeletierChaussée d'Antin La FayetteOpéra
43%
10SégurDurocVaneau
43%
5RépubliqueOberkampfRichard-Lenoir
43%
8Chemin VertBastilleLedru-Rollin
40%
6DupleixLa Motte-Picquet GrenelleCambronne
40%
7CadetLe PeletierChaussée d'Antin La Fayette
40%
13Saint-LazareLiègePlace de Clichy
40%
8DaumesnilMichel BizotPorte Dorée
40%
13Champs-Élysées ClemenceauMiromesnilSaint-Lazare
40%
9MaraîchersPorte de MontreuilRobespierre
40%
2La ChapelleStalingradJaurès
40%
3PereireWagramMalesherbes
40%
6PassyBir-Hakeim Tour EiffelDupleix
33%
5Bobigny - Pablo PicassoBobigny - Pantin Raymond QueneauÉglise de Pantin
33%
13Montparnasse BienvenüeDurocSaint-François-Xavier
33%
1George VFranklin D. RooseveltChamps-Élysées Clemenceau
33%
12Aimé CésaireFront PopulairePorte de la Chapelle
33%
3Père LachaiseGambettaPorte de Bagnolet
33%
7Château-LandonGare de l'EstPoissonnière
33%
11ChâteletHôtel de VilleRambuteau
33%
12Marcadet PoissonniersJules JoffrinLamarck Caulaincourt
33%
12Marx DormoyMarcadet PoissonniersJules Joffrin
33%
7PyramidesPalais Royal Musée du LouvrePont Neuf
33%
9Marcel SembatPorte de Saint-CloudExelmans
33%
6Edgar QuinetRaspailDenfert-Rochereau
33%
12Trinité d'Estienne d'OrvesSaint-LazareMadeleine
33%
3Rue Saint-MaurPère LachaiseGambetta
29%
8LibertéCharenton - ÉcolesÉcole Vétérinaire de Maisons-Alfort
25%
12VaugirardConventionPorte de Versailles
25%
2TernesCourcellesMonceau
25%
8MontgalletDaumesnilMichel Bizot
25%
2JaurèsColonel FabienBelleville
20%
13VarenneInvalidesChamps-Élysées Clemenceau
20%
3BourseSentierRéaumur Sébastopol
20%
5Gare de l'EstJacques BonsergentRépublique
17%
7Censier - DaubentonLes GobelinsPlace d'Italie
17%
9BillancourtMarcel SembatPorte de Saint-Cloud
14%
7Place MongeCensier - DaubentonLes Gobelins
0%
4Marcadet PoissonniersChâteau RougeBarbès Rochechouart
0%
6BercyDugommierDaumesnil
0%
8Ledru-RollinFaidherbe - ChalignyReuilly - Diderot
0%
9Alma - MarceauFranklin D. RooseveltSaint-Philippe du Roule
0%
1ChâteletHôtel de VilleSaint-Paul
0%
4VavinRaspailDenfert-Rochereau
0%
12VolontairesVaugirardConvention
0%

Distribution des résultats

Percentile par nombre de réponses

% des personnes avec chaque résultat

Votre développement - résultats

Vous n’avez pas pris ce quiz